000 00574nam a22001817i 4500
999 _c23007
_d23007
003 AR-CdUCM
008 240823b20222022 pe||||| |||| 00| 0 spa d
020 _a978-612-5091-00-0
040 _aMUNICIPALIDAD PROVINCIAL DEL CUSCO
_cBIBLIOTECA MUNICIPAL DEL CUSCO
082 _a869.57 / E77R
_bE77R
100 _aEscobar Bulnes, Ingrid
_950263
245 _aInteligencia Emocional :
_bResiliencia /
260 _aLima :
_bCírculo Editorial,
_c2022
300 _a95 páginas. :
_c21 cm
650 _aLiteratura peruana
_950264
942 _2ddc
_cLIBROS
945 _apbj
_d2024-08-23